[Event "WA Class 2006 - C Section"]
[Site "Seattle"]
[Date "2006.11.25"]
[Round "3"]
[White "Varner, Murlin"]
[Black "Holcomb, Eric"]
[Result "1/2-1/2"]
[WhiteElo "1518"]
[BlackElo "1518"]
[PlyCount "120"]
[EventDate "2006.11.??"]
[Source "Drayton Harriso"]
[SourceDate "2006.12.04"]

1. e4 e5 2. Nf3 Nc6 3. Bc4 Bc5 4. c3 Nf6 5. d3 O-O 6. b4 Bd6 7. Qb3 Qe7 8. O-O
a6 9. a4 b6 10. Bg5 h6 11. Bxf6 Qxf6 12. Nbd2 Be7 13. Bd5 Bb7 14. h3 Nd8 15.
Bxb7 Nxb7 16. Nh2 Qe6 17. Qxe6 dxe6 18. Ndf3 f6 19. Rad1 Rad8 20. d4 exd4 21.
Nxd4 Kf7 22. f4 c5 23. Nc6 Rxd1 24. Rxd1 Rc8 25. Nxe7 Kxe7 26. Nf3 cxb4 27.
cxb4 Rc4 28. Rd4 Rxd4 29. Nxd4 a5 30. bxa5 bxa5 31. Kf2 Nc5 32. Nc6+ Kf7 33.
Nxa5 Nxe4+ 34. Ke3 Nc5 35. Kd4 Nxa4 36. Nc4 Ke7 37. g4 Kd7 38. h4 Ke7 39. g5
hxg5 40. hxg5 Kf7 41. Nd6+ Kg6 42. gxf6 gxf6 43. Nb5 Nb6 44. Ke4 Nd7 45. Nd4 e5
46. fxe5 Nxe5 47. Nf5 Kg5 48. Nd4 Kg4 49. Nf5 Nf7 50. Ne3+ Kg5 51. Nf5 Ne5 52.
Nd4 Kg4 53. Nf5 Nf7 54. Ne3+ Kg5 55. Nf5 Nh6 56. Nxh6 Kxh6 57. Kf5 Kg7 58. Kf4
Kg6 59. Kg4 f5+ 60. Kf4 Kf6 1/2-1/2

[Event "WA Class 2006 - C Section"]
[Site "Seattle"]
[Date "2006.11.25"]
[Round "3"]
[White "Piper, August"]
[Black "Wei, Alva"]
[Result "1-0"]
[WhiteElo "1546"]
[BlackElo "1180"]
[PlyCount "115"]
[EventDate "2006.11.??"]
[Source "Drayton Harriso"]
[SourceDate "2006.12.04"]

1. b3 d5 2. Bb2 Nc6 3. g3 e5 4. Bg2 Nf6 5. d3 Bd6 6. Nd2 Qe7 7. e4 d4 8. Ngf3
b5 9. O-O O-O 10. c3 Ba3 11. Bxa3 Qxa3 12. cxd4 exd4 13. Qc2 Bb7 14. Nh4 Qa6
15. a3 Ng4 16. h3 Nge5 17. f4 Ng6 18. Nhf3 Rac8 19. b4 Rfd8 20. Nb3 Qb6 21. Nc5
Nf8 22. Qb3 h6 23. Nh4 a5 24. e5 a4 25. Qa2 Re8 26. Bd5 Nd8 27. Nxb7 Nxb7 28.
Bxf7+ Kh8 29. Bxe8 Rxe8 30. Qf7 Rc8 31. f5 Rd8 32. Ng6+ Nxg6 33. fxg6 Rg8 34.
Rac1 Nd8 35. Qf5 Nc6 36. Qe6 Nd8 37. Qxb6 cxb6 38. Rc7 Re8 39. Re1 Kg8 40. Rd7
Nc6 41. Rd5 Kf8 42. Rxb5 Re7 43. e6 Rb7 44. Rf5+ Ke8 45. Rf7 Ne7 46. Ref1 Kd8
47. Rxg7 Ke8 48. Rgf7 Kd8 49. Rf8+ Kc7 50. g7 Kd6 51. g8=Q Nxg8 52. Rxg8 Kxe6
53. Rg6+ Ke5 54. Rxh6 Rg7 55. Rh5+ Ke6 56. g4 Rc7 57. Rh6+ Ke5 58. Rf5# 1-0

[Event "WA Class 2006 - C Section"]
[Site "Seattle"]
[Date "2006.11.25"]
[Round "4"]
[White "Breneman, Jesse"]
[Black "Fan, George"]
[Result "0-1"]
[WhiteElo "1081"]
[BlackElo "1592"]
[PlyCount "86"]
[EventDate "2006.11.??"]
[Source "Drayton Harriso"]
[SourceDate "2006.12.04"]

1. d4 f5 2. c4 Nf6 3. Nc3 g6 4. g3 Bg7 5. Bg2 d6 6. e4 fxe4 7. Nxe4 O-O 8. Ne2
c6 9. Qb3 Nbd7 10. Nf4 Nxe4 11. Bxe4 Nf6 12. Bg2 Re8 13. O-O e5 14. dxe5 dxe5
15. Ne2 Qc7 16. Nc3 Be6 17. Qa4 Nd7 18. Be3 Nb6 19. Bxb6 Qxb6 20. Ne4 Red8 21.
Qc2 Rd4 22. b3 c5 23. Qe2 Bf5 24. g4 Be6 25. h3 Rad8 26. Rad1 Kh8 27. Nc3 a6
28. Nd5 Qd6 29. Qe3 b5 30. Bf3 bxc4 31. bxc4 Rxc4 32. Nf4 Rd4 33. Nxe6 Qxe6 34.
Qa3 e4 35. Rxd4 cxd4 36. Re1 e3 37. fxe3 dxe3 38. Kh1 Bd4 39. Re2 Qe5 40. Qd3
Qf6 41. Kg2 Qh4 42. Qxa6 Be5 43. Qa4 Qg3+ 0-1

[Event "WA Class 2006 - C Section"]
[Site "Seattle"]
[Date "2006.11.25"]
[Round "3"]
[White "Breneman, Jesse"]
[Black "Thongmee, Thomas"]
[Result "1/2-1/2"]
[WhiteElo "1081"]
[BlackElo "1421"]
[PlyCount "67"]
[EventDate "2006.11.??"]
[Source "Drayton Harriso"]
[SourceDate "2006.12.04"]

1. d4 Nf6 2. c4 g6 3. Nc3 d5 4. cxd5 Nxd5 5. e4 Nxc3 6. bxc3 Bg7 7. Nf3 c5 8.
Be3 Nc6 9. Bb5 O-O 10. Bxc6 bxc6 11. Qa4 cxd4 12. Bxd4 Qc7 13. Bxg7 Kxg7 14.
Qd4+ Kg8 15. O-O Rd8 16. Qc5 Qd6 17. Qxd6 Rxd6 18. Rfd1 Be6 19. Nd4 Rad8 20.
Rdb1 Bc4 21. f3 e5 22. Nb3 Rd3 23. Na5 Bb5 24. c4 Ba4 25. Nb7 Rd1+ 26. Rxd1
Rxd1+ 27. Rxd1 Bxd1 28. c5 Kf8 29. Nd6 g5 30. Kf2 Bc2 31. Ke3 a5 32. a3 Bb3 33.
Kd2 Ke7 34. Kc3 1/2-1/2

[Event "WA Class 2006 - C Section"]
[Site "Seattle"]
[Date "2006.11.26"]
[Round "6"]
[White "Holcomb, Eric"]
[Black "Gottlieb, Ethan"]
[Result "0-1"]
[WhiteElo "1518"]
[BlackElo "1330"]
[PlyCount "124"]
[EventDate "2006.11.??"]
[Source "Drayton Harriso"]
[SourceDate "2006.12.04"]

1. e4 e5 2. Nf3 Nc6 3. Bb5 a6 4. Ba4 Nf6 5. O-O Be7 6. Re1 b5 7. Bb3 d6 8. c3
Na5 9. Bc2 O-O 10. d4 exd4 11. cxd4 Bg4 12. h3 Bh5 13. Bf4 c5 14. dxc5 dxc5 15.
Qxd8 Bxd8 16. Nbd2 Nc6 17. a3 Ba5 18. Rec1 Bxd2 19. Bxd2 Bxf3 20. gxf3 Nd4 21.
Kg2 Rfd8 22. Bc3 Rac8 23. Bxd4 cxd4 24. Bb3 Nh5 25. Rxc8 Rxc8 26. Rd1 Rd8 27.
Bd5 d3 28. Kh2 Nf4 29. Kg3 g5 30. h4 h6 31. hxg5 hxg5 32. Rd2 Kg7 33. Kh2 Kf8
34. Bb3 Ke7 35. Kg1 Rh8 36. Ba2 Rh3 37. Bb1 Rxf3 38. Kf1 Rh3 39. Kg1 f6 40. Ba2
Kd6 41. Bd5 Nxd5 42. exd5 Kxd5 43. Kg2 g4 44. Rd1 Kd4 45. Rd2 Kc4 46. Rd1 Kb3
47. Rd2 f5 48. Kf1 Kc4 49. Kg2 f4 50. Kf1 Rh2 51. Kg1 g3 52. Rd1 Rxf2 53. Rc1+
Rc2 54. Rf1 Rxb2 55. Rxf4+ Kc3 56. Rf3 Kc2 57. Rxg3 d2 58. Rg2 Kc1 59. Kh1
d1=Q+ 60. Rg1 Qxg1+ 61. Kxg1 Re2 62. Kf1 Kd2 0-1

[Event "WA Class 2006 - C Section"]
[Site "Seattle"]
[Date "2006.11.26"]
[Round "6"]
[White "Wu, Darryl"]
[Black "Fan, George"]
[Result "0-1"]
[WhiteElo "1291"]
[BlackElo "1592"]
[PlyCount "120"]
[EventDate "2006.11.??"]
[Source "Drayton Harriso"]
[SourceDate "2006.12.04"]

1. e4 c5 2. Nc3 e6 3. Nge2 Nc6 4. g3 d6 5. Bg2 Bd7 6. d3 Be7 7. Be3 Nf6 8. h3
O-O 9. Qd2 a6 10. O-O b5 11. f4 b4 12. Nd1 d5 13. exd5 Nxd5 14. c3 Nxe3 15.
Nxe3 Qc7 16. Rac1 Rac8 17. Rfd1 Rfd8 18. c4 Bf6 19. b3 g6 20. Kh2 Be8 21. Ng4
Bg7 22. Qe1 h5 23. Nf2 Nd4 24. Nxd4 Rxd4 25. Qe2 h4 26. gxh4 Qxf4+ 27. Kg1 Qxh4
28. Qe1 Rf4 29. Ne4 Bd4+ 30. Kh2 Qe7 31. Qg3 Be5 32. Kh1 Rxe4 33. Qf3 Rf4 34.
Qe3 Qg5 35. Qe2 Bd4 36. Rf1 Rxf1+ 37. Rxf1 Kg7 38. Kh2 Qe5+ 39. Qxe5+ Bxe5+ 40.
Kg1 Bc6 41. Bxc6 Rxc6 42. Kg2 Rd6 43. Rf3 f5 44. Kf2 g5 45. Ke2 Kg6 46. Rf1 Bc3
47. Rh1 Rd4 48. Rh2 Rf4 49. Rh1 Bd4 50. Rh2 e5 51. Rg2 a5 52. Rh2 Kh5 53. Rg2
Kh4 54. Rh2 Kg3 55. Rh1 Rf2+ 56. Kd1 Rxa2 57. Rf1 Ra1+ 58. Ke2 Rxf1 59. Kxf1
Kxh3 60. Ke2 g4 0-1

[Event "WA Class 2006 - C Section"]
[Site "Seattle"]
[Date "2006.11.26"]
[Round "5"]
[White "Varner, Murlin"]
[Black "Churchill, Sam"]
[Result "1-0"]
[WhiteElo "1518"]
[BlackElo "1576"]
[PlyCount "45"]
[EventDate "2006.11.??"]
[Source "Drayton Harriso"]
[SourceDate "2006.12.04"]

1. e4 e6 2. d4 d5 3. e5 c5 4. c3 Nc6 5. Nf3 Qb6 6. Be2 cxd4 7. cxd4 Nh6 8. O-O
Nf5 9. b3 Ncxd4 10. Nxd4 Nxd4 11. Be3 Bc5 12. Nc3 Nxe2+ 13. Qxe2 d4 14. Na4 Qa5
15. Nxc5 dxe3 16. Qxe3 b6 17. Nd3 Ba6 18. Rfd1 Rd8 19. Rac1 O-O 20. f4 Qxa2 21.
Nb4 Rxd1+ 22. Rxd1 Qa3 23. Qc3 1-0

[Event "WA Class 2006 - C Section"]
[Site "Seattle"]
[Date "2006.11.25"]
[Round "4"]
[White "Holcomb, Eric"]
[Black "Piper, August"]
[Result "1/2-1/2"]
[WhiteElo "1518"]
[BlackElo "1546"]
[PlyCount "119"]
[EventDate "2006.11.??"]
[Source "Drayton Harriso"]
[SourceDate "2006.12.04"]

1. e4 c5 2. Nf3 d6 3. Bb5+ Bd7 4. Bxd7+ Nxd7 5. d4 cxd4 6. Nxd4 Ngf6 7. Nd2 e6
8. O-O Be7 9. c4 a6 10. b3 O-O 11. Re1 Qb6 12. Bb2 Ne5 13. Qc2 Neg4 14. N2f3
Rac8 15. h3 Nh6 16. Qe2 e5 17. Nc2 Nh5 18. Qe3 Qxe3 19. Nxe3 Nf4 20. Nd5 Nxd5
21. cxd5 Rc2 22. Ba3 Rfc8 23. Rac1 f5 24. Rxc2 Rxc2 25. Nxe5 Rxa2 26. Nc4 b5
27. Bxd6 bxc4 28. Bxe7 cxb3 29. Bc5 fxe4 30. Rb1 Ra5 31. Bb6 Rxd5 32. Rxb3 Rb5
33. Rxb5 axb5 34. Bc5 Kf7 35. Kf1 Ke6 36. Bf8 Kf7 37. Bb4 Nf5 38. Ke2 g6 39.
Kd2 Ke6 40. g4 Nd4 41. Bc3 Kd5 42. Ke3 Nc6 43. f3 exf3 44. Kxf3 b4 45. Bb2 b3
46. Kf4 h6 47. h4 Nb4 48. Ke3 Nc2+ 49. Kd3 Ne1+ 50. Kc3 Ng2 51. Kxb3 Nxh4 52.
Bg7 h5 53. gxh5 gxh5 54. Bf6 Nf3 55. Kc3 Ke6 56. Bd8 Ne5 57. Kd2 Nf3+ 58. Ke3
Ne5 59. Kf4 Nf7 60. Bh4 1/2-1/2

[Event "WA Class 2006 - C Section"]
[Site "Seattle"]
[Date "2006.11.26"]
[Round "5"]
[White "Yue, Bryan"]
[Black "Holcomb, Eric"]
[Result "1-0"]
[WhiteElo "1195"]
[BlackElo "1518"]
[PlyCount "49"]
[EventDate "2006.11.??"]
[Source "Drayton Harriso"]
[SourceDate "2006.12.04"]

1. e4 e5 2. Nf3 Nc6 3. Bc4 Bc5 4. b4 Bxb4 5. c3 Bc5 6. d4 exd4 7. O-O Nge7 8.
cxd4 Bb6 9. Ng5 d5 10. exd5 Na5 11. d6 Nxc4 12. Qa4+ Qd7 13. Qxc4 Ng6 14. Re1+
Kf8 15. dxc7 Bxc7 16. Ba3+ Kg8 17. Nxf7 Bxh2+ 18. Kxh2 h6 19. Ng5+ Qe6 20. Nxe6
Bxe6 21. Rxe6 Kh7 22. Qd3 Rhe8 23. Qxg6+ Kg8 24. Rxe8+ Rxe8 25. Qxe8+ 1-0

[Event "WA Class 2006 - C Section"]
[Site "Seattle"]
[Date "2006.11.25"]
[Round "4"]
[White "Teng, Yun"]
[Black "Varner, Murlin"]
[Result "0-1"]
[WhiteElo "1361"]
[BlackElo "1518"]
[PlyCount "120"]
[EventDate "2006.11.??"]
[Source "Drayton Harriso"]
[SourceDate "2006.12.04"]

1. d4 Nf6 2. Bf4 d6 3. e3 g6 4. c3 Bg7 5. Be2 O-O 6. h3 Nbd7 7. Nf3 Nd5 8. Bg3
e6 9. Nbd2 Ne7 10. O-O e5 11. dxe5 Nxe5 12. Nxe5 Bxe5 13. Bxe5 dxe5 14. Nf3 e4
15. Ne5 Nf5 16. Bc4 Nd6 17. Bb3 Qg5 18. f4 exf3 19. Nxf3 Qxe3+ 20. Kh1 Nf5 21.
Re1 Ng3+ 22. Kh2 Qf4 23. Kg1 Bf5 24. Ne5 Ne4 25. Nxf7 Qf2+ 26. Kh1 Rxf7 27.
Bxf7+ Kxf7 28. Qb3+ Kf6 29. Qxb7 Re8 30. Qc6+ Re6 31. Qxc7 Ng3+ 32. Kh2 Rxe1
33. Rxe1 Qxe1 34. Qxg3 Qxg3+ 35. Kxg3 Ke5 36. Kf3 a5 37. g4 Be4+ 38. Ke3 g5 39.
Kf2 a4 40. Kg3 Bd5 41. b3 Bxb3 42. a3 Ke4 43. h4 h6 44. h5 Ke3 45. c4 Bxc4 46.
Kg2 Kf4 47. Kh3 Bf1+ 48. Kh2 Kxg4 49. Kg1 Bb5 50. Kg2 Kxh5 51. Kh3 g4+ 52. Kg3
Kg5 53. Kg2 Kf4 54. Kf2 h5 55. Kg2 h4 56. Kh2 h3 57. Kg1 Kg3 58. Kh1 Bc6+ 59.
Kg1 h2+ 60. Kf1 h1=Q+ 0-1

[Event "WA Class 2006 - C Section"]
[Site "Seattle"]
[Date "2006.11.25"]
[Round "4"]
[White "Marcjan, Cezary"]
[Black "Chen, Irving"]
[Result "1-0"]
[WhiteElo "1255"]
[BlackElo "1223"]
[PlyCount "87"]
[EventDate "2006.11.??"]
[Source "Drayton Harriso"]
[SourceDate "2006.12.04"]

1. e4 e5 2. Nf3 Nf6 3. Nxe5 d6 4. Nf3 Nxe4 5. d3 Nf6 6. Be2 Nc6 7. O-O d5 8.
Re1 Be6 9. Ng5 Nd4 10. c3 Nxe2+ 11. Qxe2 Qd7 12. Nxe6 fxe6 13. Qxe6+ Qxe6 14.
Rxe6+ Kf7 15. Re2 Bd6 16. Bg5 h6 17. Bxf6 Kxf6 18. Nd2 Rae8 19. Rae1 Rxe2 20.
Rxe2 Bf4 21. Nf3 c6 22. Nd4 a6 23. g3 Bc7 24. Re6+ Kf7 25. Re2 Kf6 26. Kg2 c5
27. Nb3 b6 28. d4 c4 29. Nd2 Rf8 30. f4 b5 31. Nf1 g5 32. f5 g4 33. Ne3 Kg5 34.
Nxd5 Bd6 35. Re6 Rd8 36. f6 Kg6 37. Ne3 Kf7 38. Re4 Kxf6 39. Nxg4+ Kg5 40. h4+
Kh5 41. Kh3 Bf8 42. Re6 Rd6 43. Ne5 Rxe6 44. g4# 1-0

[Event "WA Class 2006 - D Section"]
[Site "Seattle"]
[Date "2006.11.24"]
[Round "1"]
[White "Xing, Casey"]
[Black "Liu, Zachary"]
[Result "1-0"]
[WhiteElo "1238"]
[BlackElo "967"]
[PlyCount "110"]
[EventDate "2006.11.??"]
[Source "Drayton Harriso"]
[SourceDate "2006.12.04"]

1. d4 e6 2. e4 d5 3. Nc3 Nf6 4. Bg5 Be7 5. e5 Nfd7 6. Bxe7 Qxe7 7. Nf3 a6 8.
Be2 c5 9. Nb1 c4 10. b3 Nb6 11. c3 N8d7 12. O-O f5 13. Nbd2 Nf8 14. bxc4 dxc4
15. Nxc4 Nxc4 16. Bxc4 Bd7 17. Qb3 b5 18. Be2 Ng6 19. Qc2 O-O 20. Qd2 h6 21.
Rab1 Bc6 22. Rfc1 Rab8 23. h3 Rfd8 24. Qe1 Qe8 25. Nh2 Qe7 26. Bf3 Bxf3 27.
Nxf3 Nf4 28. Qd2 Ng6 29. Re1 Rd7 30. Qb2 Qd8 31. Qb3 Qe7 32. Kh2 Qe8 33. Qa3
Ra7 34. Qd6 Rd8 35. Qb4 Qe7 36. Qb3 Qd7 37. c4 Rb7 38. Rec1 Rdb8 39. c5 Qc6 40.
Re1 Qd5 41. Qxd5 exd5 42. Rbc1 Rc7 43. g3 Re8 44. Rc3 b4 45. Rb3 a5 46. Nh4
Nxh4 47. gxh4 Rb8 48. a3 Re8 49. Rg1 Kf7 50. h5 Rg8 51. Rg6 Ra7 52. Rd6 Ke7 53.
f4 Rd8 54. Rb6 Kf7 55. Rg3 Kg8 1-0

[Event "WA Class 2006 - D Section"]
[Site "Seattle"]
[Date "2006.11.26"]
[Round "5"]
[White "La Madrid, Ramone"]
[Black "Xing, Casey"]
[Result "0-1"]
[WhiteElo "1323"]
[BlackElo "1238"]
[PlyCount "146"]
[EventDate "2006.11.??"]
[Source "Drayton Harriso"]
[SourceDate "2006.12.04"]

1. e4 e6 2. d4 d5 3. Nc3 Bb4 4. Nge2 dxe4 5. a3 Bxc3+ 6. Nxc3 Nf6 7. Bg5 h6 8.
Bxf6 Qxf6 9. Nxe4 Qg6 10. Qe2 Nc6 11. O-O-O O-O 12. Qe3 Ne7 13. Bd3 f5 14. Ng3
Nc6 15. Rhe1 Qf6 16. c3 f4 17. Qe4 fxg3 18. Qh7+ Kf7 19. fxg3 Qg5+ 20. Kb1 Ke7
21. d5 Nd8 22. Bg6 Qf6 23. Rf1 Qxf1 24. Rxf1 Rxf1+ 25. Ka2 Kf6 26. Bd3 Rf2 27.
Qg6+ Ke7 28. Qxg7+ Nf7 29. Be4 Bd7 30. Qd4 Rf6 31. Qc5+ Nd6 32. Bf3 a6 33. Qb4
Rb8 34. c4 Ke8 35. c5 Nf5 36. c6 Bc8 37. Bh5+ Kd8 38. Qg4 Rf8 39. Qg6 Ke7 40.
g4 Nd6 41. Qg7+ Nf7 42. Bxf7 Rxf7 43. Qe5 Ke8 44. dxe6 Rh7 45. Qf5 Rg7 46. Qh5+
Ke7 47. Qxh6 Bxe6+ 48. Ka1 Rf7 49. Qc1 b6 50. b4 Rbf8 51. Kb2 Rf2+ 52. Kc3 R8f4
53. Qe3 Kd6 54. Qd3+ Kxc6 55. Qxa6 Rf8 56. Qd3 R2f4 57. h3 Kb7 58. Qe3 Bd5 59.
Qd2 Rc4+ 60. Kb2 Bc6 61. b5 Be4 62. Kb3 Rc5 63. a4 Bc2+ 64. Kb2 Bxa4 65. Qh6
Rf2+ 66. Ka3 Bxb5 67. Qe3 Rfc2 68. Kb3 Rxg2 69. h4 Bc6 70. g5 Rg4 71. Qh3 Bd7
72. Qf3+ Ka7 73. Qd1 Ba4+ 0-1

[Event "WA Class 2006 - D Section"]
[Site "Seattle"]
[Date "2006.11.26"]
[Round "6"]
[White "Davis, Benjamin"]
[Black "Xing, Casey"]
[Result "1/2-1/2"]
[WhiteElo "1178"]
[BlackElo "1238"]
[PlyCount "45"]
[EventDate "2006.11.??"]
[Source "Drayton Harriso"]
[SourceDate "2006.12.04"]

1. e4 e6 2. d4 d5 3. exd5 exd5 4. Bd3 Nf6 5. Nf3 Bg4 6. c3 Be7 7. Bf4 O-O 8.
O-O Bd6 9. Bg3 Re8 10. Nbd2 c6 11. Qb3 b6 12. Rfe1 Bxg3 13. fxg3 Nbd7 14. Qc2
h6 15. Rf1 Qc7 16. Bf5 Re7 17. Bxg4 Nxg4 18. Qb3 Rae8 19. Rfe1 Ne3 20. Nf1 Nc4
21. Rxe7 Rxe7 22. Qc2 Nd6 23. Re1 1/2-1/2

[Event "WA Class 2006 - D Section"]
[Site "Seattle"]
[Date "2006.11.25"]
[Round "3"]
[White "Xing, Casey"]
[Black "Sun, Tristan"]
[Result "1/2-1/2"]
[WhiteElo "1238"]
[BlackElo "1303"]
[PlyCount "53"]
[EventDate "2006.11.??"]
[Source "Drayton Harriso"]
[SourceDate "2006.12.04"]

1. d4 d5 2. c4 dxc4 3. Nf3 a6 4. e3 b5 5. a4 c6 6. b3 cxb3 7. Qxb3 Bb7 8. Nc3
Nd7 9. Ba3 Ngf6 10. Be2 Rb8 11. Qc2 Ba8 12. Rb1 Nb6 13. a5 Nbd5 14. Nxd5 Nxd5
15. Qd3 b4 16. Bb2 Nc3 17. Ra1 Nxe2 18. Qxe2 Rb5 19. Qc4 Qd5 20. Qxd5 Rxd5 21.
Ne5 f6 22. Nc4 Rb5 23. O-O e6 24. Rfb1 Rg5 25. f3 c5 26. Kf2 Be7 27. Rc1
1/2-1/2

[Event "WA Class 2006 - D Section"]
[Site "Seattle"]
[Date "2006.11.25"]
[Round "4"]
[White "Xing, Casey"]
[Black "Hong, Brian"]
[Result "0-1"]
[WhiteElo "1238"]
[BlackElo "1365"]
[PlyCount "70"]
[EventDate "2006.11.??"]
[Source "Drayton Harriso"]
[SourceDate "2006.12.04"]

1. d4 d5 2. c4 c6 3. Nc3 Nf6 4. Nf3 a6 5. cxd5 cxd5 6. Bf4 Bf5 7. e3 e6 8. Bd3
Bg6 9. Rc1 Nc6 10. O-O Bd6 11. Bg5 O-O 12. Qd2 Rc8 13. a3 Bxd3 14. Qxd3 h6 15.
Bh4 Re8 16. Qd2 Be7 17. h3 Qb6 18. b4 a5 19. b5 Na7 20. Qb2 Qd6 21. a4 Qa3 22.
Qxa3 Bxa3 23. Rc2 Ne4 24. b6 Rxc3 25. Rxc3 Nxc3 26. bxa7 Ra8 27. Kh2 Rxa7 28.
Bd8 Bb4 29. Ra1 f6 30. Ne1 Nxa4 31. Nd3 b5 32. Nxb4 axb4 33. Rb1 Kf7 34. Rc1 b3
35. Rb1 b2 0-1

[Event "WA Class 2006 - D Section"]
[Site "Seattle"]
[Date "2006.11.24"]
[Round "1"]
[White "Wessbecher, Francis"]
[Black "Ma, Kevin"]
[Result "1-0"]
[WhiteElo "1114"]
[BlackElo "1264"]
[PlyCount "89"]
[EventDate "2006.11.??"]
[Source "Drayton Harriso"]
[SourceDate "2006.12.04"]

1. e4 e5 2. Nf3 Nc6 3. Bb5 d6 4. d4 exd4 5. Nxd4 Bd7 6. Nxc6 Bxc6 7. Bxc6+ bxc6
8. O-O Nf6 9. Re1 Be7 10. c4 Nd7 11. Nc3 Rb8 12. b3 Bf6 13. Bb2 O-O 14. f4 Re8
15. Qc2 Nc5 16. Rad1 Nd7 17. Nb1 h6 18. e5 dxe5 19. fxe5 Bg5 20. Qf5 Re6 21.
Nc3 Qe7 22. Ne4 Nb6 23. g3 g6 24. Qg4 Qf8 25. Nxg5 hxg5 26. Rf1 Qe7 27. Rf6
Rxf6 28. exf6 Qc5+ 29. Bd4 Qf8 30. Qxg5 Rd8 31. Qg4 c5 32. Bc3 Rxd1+ 33. Qxd1
Qe8 34. Qd2 Qf8 35. Qg5 Nc8 36. h4 Kh7 37. Bd2 Nd6 38. Qxc5 Qc8 39. Qg5 Qf8 40.
Bb4 Kh8 41. h5 Kh7 42. Qh4 Kg8 43. hxg6 fxg6 44. Qd4 Kh7 45. Qxa7 1-0

[Event "WA Class 2006 - D Section"]
[Site "Seattle"]
[Date "2006.11.25"]
[Round "5"]
[White "Hornickle, John"]
[Black "Harmon, Carl H"]
[Result "1/2-1/2"]
[WhiteElo "1372"]
[BlackElo "1165"]
[PlyCount "69"]
[EventDate "2006.11.??"]
[Source "Drayton Harriso"]
[SourceDate "2006.12.04"]

1. e4 e5 2. Nf3 Nc6 3. Bb5 a6 4. Bxc6 dxc6 5. O-O Bd6 6. d4 Qe7 7. dxe5 Bxe5 8.
Nxe5 Qxe5 9. f4 Qc5+ 10. Kh1 f5 11. e5 Be6 12. b3 Ne7 13. Ba3 Qd5 14. Nc3 Qxd1
15. Raxd1 Nd5 16. Rd3 O-O-O 17. Ne2 Rhe8 18. Rfd1 Ne3 19. Rxd8+ Rxd8 20. Rxd8+
Kxd8 21. c4 b5 22. Nd4 Kd7 23. Bc1 Nd1 24. Kg1 Nc3 25. Nxe6 Kxe6 26. Kf2 Nxa2
27. Bd2 c5 28. Kf3 bxc4 29. bxc4 Nb4 30. g4 g6 31. h4 h5 32. gxh5 gxh5 33. Ke2
Nc6 34. Kd3 Nd4 35. Ke3 1/2-1/2

[Event "WA Class 2006 - D Section"]
[Site "Seattle"]
[Date "2006.11.24"]
[Round "2"]
[White "So, Ernest"]
[Black "La Madrid, Ramone"]
[Result "1-0"]
[WhiteElo "1227"]
[BlackElo "1323"]
[PlyCount "97"]
[EventDate "2006.11.??"]
[Source "Drayton Harriso"]
[SourceDate "2006.12.04"]

1. d4 e6 2. c4 Nf6 3. Nc3 Bb4 4. Qc2 Nc6 5. Nf3 d5 6. Bg5 h6 7. Bh4 g5 8. Bg3
Ne4 9. e3 Nxg3 10. hxg3 Qf6 11. Bd3 Bd7 12. Rf1 Qe7 13. O-O-O Bxc3 14. Qxc3 Nb4
15. Qb3 a5 16. a3 Nxd3+ 17. Rxd3 dxc4 18. Qxb7 O-O 19. Rc3 Rab8 20. Qa6 Rb6 21.
Qxa5 Rfb8 22. Rc2 Bb5 23. Rh1 Ra6 24. Qc3 Qf8 25. Ne5 Ra4 26. f4 f6 27. Ng4 Be8
28. Rxh6 Rb3 29. Rxf6 Qe7 30. Qe1 Rbxa3 31. Qf2 Ra1+ 32. Kd2 Qb4+ 33. Ke2 Qb3
34. Rd2 Bb5 35. Nh6+ Kg7 36. Rf7+ Kg6 37. Rf6+ Kxf6 38. fxg5+ Ke7 39. Qf6+ Kd7
40. Qf7+ Kc6 41. Qxe6+ Kb7 42. Qd5+ Bc6 43. Qc5 Ra5 44. Qe7 Ra8 45. Nf7 Re8 46.
Nd6+ Kb6 47. Nxe8 Bxe8 48. Qxe8 c3 49. Qb8+ 1-0

[Event "WA Class 2006 - D Section"]
[Site "Seattle"]
[Date "2006.11.24"]
[Round "2"]
[White "Harmon, Carl H"]
[Black "Omori, Jeff"]
[Result "0-1"]
[WhiteElo "1165"]
[BlackElo "1314"]
[PlyCount "102"]
[EventDate "2006.11.??"]
[Source "Drayton Harriso"]
[SourceDate "2006.12.04"]

1. e4 c5 2. Nf3 Nc6 3. d4 cxd4 4. Nxd4 g6 5. Nc3 Bg7 6. Be3 Nf6 7. Bc4 O-O 8.
f3 a6 9. Qd2 b5 10. Bb3 e6 11. O-O-O Bb7 12. Rdg1 d5 13. Nxc6 Bxc6 14. exd5
Nxd5 15. Nxd5 Bxd5 16. Bxd5 Qxd5 17. Qxd5 exd5 18. Rd1 Rad8 19. Rd2 Rfe8 20.
Bf4 d4 21. Rhd1 Rd5 22. Rd3 Rf5 23. Bg3 Re2 24. R1d2 Rxd2 25. Kxd2 Bh6+ 26. Kd1
Be3 27. Ke2 b4 28. b3 Ra5 29. Bd6 Rxa2 30. Bxb4 Rxc2+ 31. Bd2 Rb2 32. b4 Ra2
33. Kd1 Rb2 34. Bxe3 dxe3 35. Rxe3 Rxb4 36. Re2 a5 37. Ra2 Rb5 38. Ke2 Kg7 39.
Kf2 Kf6 40. h4 h5 41. Ra4 g5 42. hxg5+ Kxg5 43. Kg3 Kg6 44. f4 f6 45. Ra3 Kf5
46. Kf3 Ke6 47. Kg3 Kd6 48. Kf3 Kc5 49. Ra4 Rb3+ 50. Kf2 Kb5 51. Ra2 a4 0-1

[Event "WA Class 2006 - D Section"]
[Site "Seattle"]
[Date "2006.11.24"]
[Round "2"]
[White "Nikolskyy, Oleksiy"]
[Black "Seemer, Aaron"]
[Result "1-0"]
[WhiteElo "547"]
[BlackElo "1400"]
[PlyCount "65"]
[EventDate "2006.11.??"]
[Source "Drayton Harriso"]
[SourceDate "2006.12.04"]

1. d4 d5 2. c4 c6 3. Nc3 Nf6 4. e3 e6 5. Nf3 Nbd7 6. Bd3 dxc4 7. Bxc4 b5 8. Bd3
Bb7 9. O-O a6 10. Ne4 Be7 11. Qc2 O-O 12. Rd1 Rc8 13. Nc5 Qc7 14. b4 h6 15. Bb2
Nd5 16. a3 Nxc5 17. dxc5 Bf6 18. Bxf6 Nxf6 19. Nd2 Ng4 20. g3 Ne5 21. Ne4 Nxd3
22. Rxd3 Rcd8 23. Rad1 Rd5 24. Nd6 Rd8 25. e4 Rxd3 26. Rxd3 Rd7 27. Qd2 Re7 28.
e5 Rd7 29. Rf3 Ba8 30. Qf4 Bb7 31. Qh4 Bc8 32. Qh5 Re7 33. g4 1-0

[Event "WA Class 2006 - D Section"]
[Site "Seattle"]
[Date "2006.11.24"]
[Round "1"]
[White "La Madrid, Ramone"]
[Black "Chuck, Carlin"]
[Result "1-0"]
[WhiteElo "1323"]
[BlackElo "1123"]
[PlyCount "77"]
[EventDate "2006.11.??"]
[Source "Drayton Harriso"]
[SourceDate "2006.12.04"]

1. e4 e5 2. Bc4 Nf6 3. d4 Nc6 4. Nf3 d6 5. Ng5 d5 6. exd5 Na5 7. Bb5+ c6 8.
dxc6 bxc6 9. Ba4 h6 10. Nf3 Bg4 11. h3 Bxf3 12. Qxf3 Qb6 13. dxe5 Nd7 14. O-O
Rc8 15. e6 fxe6 16. Qh5+ Kd8 17. Bd2 Nb7 18. Bb3 Nf6 19. Qf7 Qc7 20. Qxe6 Qd7
21. Qe2 Qe7 22. Qa6 Nc5 23. Ba5+ Kd7 24. Qxa7+ Kd6 25. Rd1+ Nd5 26. Qb6 Qg5 27.
Rxd5+ Qxd5 28. Bxd5 Kxd5 29. Nc3+ Kd6 30. Bb4 Kd7 31. Bxc5 Bxc5 32. Qxc5 Kc7
33. Nb5+ Kd7 34. Rd1+ Ke8 35. Nd6+ Kd7 36. Nf5+ Ke6 37. Rd6+ Kf7 38. Qa7+ Kg8
39. Qxg7# 1-0

[Event "WA Class 2006 - D Section"]
[Site "Seattle"]
[Date "2006.11.25"]
[Round "3"]
[White "Seemer, Aaron"]
[Black "Schmidt, Karen"]
[Result "1-0"]
[WhiteElo "1400"]
[BlackElo "791"]
[PlyCount "147"]
[EventDate "2006.11.??"]
[Source "Drayton Harriso"]
[SourceDate "2006.12.04"]

1. d4 d5 2. c4 c6 3. Nf3 Nf6 4. Nc3 e6 5. e3 Bb4 6. Bd3 Bxc3+ 7. bxc3 O-O 8.
O-O Nbd7 9. cxd5 cxd5 10. c4 dxc4 11. Bxc4 Qc7 12. Bd3 Nb6 13. Bd2 Bd7 14. Rc1
Qd8 15. Qc2 Rc8 16. Qb1 Rxc1 17. Rxc1 g6 18. Bb4 Re8 19. Ne5 Nbd5 20. Ba3 Qb8
21. Rc2 Rc8 22. Qc1 Rxc2 23. Qxc2 Qc8 24. Qb3 Qc3 25. Qxc3 Nxc3 26. Bc4 Bb5 27.
Bb3 Ne2+ 28. Kh1 Ne4 29. g3 Nxf2+ 30. Kg2 Ne4 31. Kf3 Ng5+ 32. Kg4 f6 33. Bb2
h5+ 34. Kh4 Kg7 35. a4 Bc6 36. Nxc6 bxc6 37. Bd1 Ng1 38. g4 N5f3+ 39. Kg3 h4+
40. Kg2 Kh6 41. Bxf3 Nxf3 42. Kxf3 f5 43. gxf5 exf5 44. Bc1 g5 45. h3 Kh5 46.
e4 fxe4+ 47. Kxe4 g4 48. hxg4+ Kxg4 49. Bf4 h3 50. Ke5 a6 51. Bh2 Kf3 52. Kd6
Ke3 53. Be5 Ke4 54. Kxc6 h2 55. Bxh2 Kxd4 56. Kb6 Kc4 57. Kxa6 Kb4 58. a5 Ka4
59. Kb6 Kb4 60. a6 Kc4 61. a7 Kb4 62. a8=Q Kc4 63. Qa5 Kd4 64. Kc6 Ke4 65. Qe5+
Kd3 66. Qf4 Kc3 67. Kc5 Kd3 68. Qd4+ Kc2 69. Qe3 Kb2 70. Kb4 Kc2 71. Qc3+ Kd1
72. Qb2 Ke1 73. Kc3 Kd1 74. Qd2# 1-0